[Event "GER-ch U18 Girls"]
[Site "Willingen"]
[Date "2021.08.25"]
[Round "4"]
[White "Biermann, Sophie"]
[Black "Falke, Ornella"]
[Result "1-0"]
[WhiteElo "1652"]
[BlackElo "1674"]
[PlyCount "158"]
[EventDate "2021.08.22"]
[EventType "swiss"]
[EventRounds "9"]
[EventCountry "GER"]
[SourceTitle "EXT 2022"]
[Source "ChessBase"]
[SourceDate "2021.10.06"]
[SourceVersion "1"]
[SourceVersionDate "2021.10.06"]
[SourceQuality "1"]

1. d4 Nf6 2. Nf3 d5 3. Bf4 c5 4. c3 Nc6 5. Nbd2 cxd4 6. cxd4 Qb6 7. Qb3 Nxd4 8. Nxd4 Qxd4 9. e3 Qb6 10. Qxb6 axb6 11. Bc7 e6 12. Bxb6 Bb4 13. Kd1 Ng4 14. e4 Bxd2 15. Kxd2 dxe4 16. h3 Nf6 17. Bd4 Bd7 18. Ke3 Bc6 19. Bc4 Rg8 20. Rhe1 Nd7 21. Bb3 Ke7 22. g4 g5 23. Rac1 Nf8 24. Bc5+ Ke8 25. Red1 Ng6 26. Bd6 Nh4 27. Kd4 Rd8 28. Kc5 Ng2 29. Kb4 Rg6 30. Ba4 Bxa4 31. Kxa4 f5 32. Rc7 e5 33. Re7+ Kf8 34. Rd7+ Rxd6 35. Rxd8+ Rxd8 36. Rxd8+ Ke7 37. Rd2 f4 38. Re2 e3 39. fxe3 Nxe3 40. Kb3 e4 41. Rxe3 fxe3 42. Kc2 Kd6 43. Kd1 Kc5 44. Ke2 Kd4 45. a4 Kc4 46. Kxe3 Kb3 47. Kxe4 Kxa4 48. Kf5 b5 49. Kxg5 Kb3 50. Kh6 Kxb2 51. Kxh7 b4 52. g5 b3 53. g6 Ka3 54. g7 b2 55. g8Q b1Q+ 56. Qg6 Qh1 57. Qg3+ Kb4 58. Qg4+ Kc5 59. h4 Qb1+ 60. Qg6 Qb7+ 61. Kh6 Qf3 62. h5 Qf8+ 63. Kg5 Qe7+ 64. Qf6 Qe3+ 65. Kg6 Qe8+ 66. Kh6 Kd5 67. Qf5+ Kd4 68. Qf2+ Kd5 69. Qd2+ Kc5 70. Qc2+ Kd4 71. Qd2+ Kc5 72. Qc3+ Kb5 73. Qf6 Kc4 74. Kg5 Qg8+ 75. Kh4 Qg2 76. Qf4+ Kd5 77. Qg5+ Qxg5+ 78. Kxg5 Ke6 79. Kg6 Kd5 1-0

[Event "GER-chT U14"]
[Site "Verden an der Aller"]
[Date "2017.12.30"]
[Round "7.3"]
[White "Hiller, Klemens"]
[Black "Biermann, Sophie"]
[Result "0-1"]
[WhiteElo "1174"]
[BlackElo "1478"]
[PlyCount "50"]
[EventDate "2017.12.26"]
[EventType "team-swiss"]
[EventRounds "7"]
[EventCountry "GER"]
[SourceTitle "CBM 182 Extra"]
[Source "ChessBase"]
[SourceDate "2018.02.23"]
[SourceVersion "1"]
[SourceVersionDate "2018.02.23"]
[SourceQuality "1"]
[WhiteTeam "Dresden Striesen"]
[BlackTeam "Konz Karthaus"]
[WhiteTeamCountry "GER"]
[BlackTeamCountry "GER"]

1. d4 d5 2. c4 c6 3. Nc3 Nf6 4. e3 e6 5. c5 Nbd7 6. g3 b6 7. cxb6 axb6 8. a4 Bb4 9. Bd2 Bb7 10. Nf3 0-0 11. Bg2 Ba6 12. Ne2 Qe7 13. 0-0 Ne4 14. Re1 f5 15. Bxb4 Qxb4 16. Qc2 c5 17. dxc5 bxc5 18. Nc3 Ndf6 19. Nxe4 Nxe4 20. Red1 Rab8 21. Rab1 Bc4 22. Nd2 Be2 23. Re1 Nxd2 24. Rxe2 Nxb1 25. Qxb1 Qxa4 0-1